Chiefly Feasts (Record no. 10382)

MARC details
000 -CABECERA
campo de control de longitud fija 01077nam a2200277 a 4500
001 - NÚMERO DE CONTROL
campo de control BRL_1573
005 - FECHA Y HORA DE LA ÚLTIMA TRANSACCIÓN
campo de control 20190320211252.0
008 - DATOS DE LONGITUD FIJA--INFORMACIÓN GENERAL
campo de control de longitud fija 180314s1991----nyuaob####---#000-0#eng-#
020 ## - NÚMERO INTERNACIONAL ESTÁNDAR DEL LIBRO
Número Internacional Estándar del Libro 0295971142
041 ## - CÓDIGO DE LENGUA
Código de lengua del texto/banda sonora o título independiente eng
044 ## - CÓDIGO DEL PAÍS DE LA ENTIDAD EDITORA/PRODUCTORA
Código MARC del país eu
050 #4 - SIGNATURA TOPOGRÁFICA DE LA BIBLIOTECA DEL CONGRESO
Número de clasificación E99.K9
Número de documento/Ítem .C45 1991
245 10 - MENCIÓN DE TÍTULO
Título Chiefly Feasts
Resto del título the enduring Kwakiutl potlatch
Mención de responsabilidad, etc. edited by Aldona Jonaitis ; with essays by Douglas Cole ... [et al.] ; contributions by Stacy Alyn Marcus, Judith Ostrowitz ; and special editorial help by Peter L. Macnair ; color photographs by Lynton Gardiner.
260 ## - PUBLICACIÓN, DISTRIBUCIÓN, ETC.
Lugar de publicación, distribución, etc. New York
Nombre del editor, distribuidor, etc. American Museum of Natural History
Fecha de publicación, distribución, etc. 1991
300 ## - DESCRIPCIÓN FÍSICA
Extensión 300 p.
Otras características físicas il., mapas, fotografías (a color)
Dimensiones 27 cm.
500 ## - NOTA GENERAL
Nota general Au1807
504 ## - NOTA DE BIBLIOGRAFÍA, ETC.
Nota de bibliografía, etc. Bibliografía: p. 289-295
650 14 - PUNTO DE ACCESO ADICIONAL DE MATERIA--TÉRMINO DE MATERIA
Término de materia o nombre geográfico como elemento de entrada Kwakiutl
Subdivisión general Ritos y ceremonias
9 (RLIN) 27321
650 14 - PUNTO DE ACCESO ADICIONAL DE MATERIA--TÉRMINO DE MATERIA
Término de materia o nombre geográfico como elemento de entrada Potlatch
Subdivisión general Ritos y ceremonias
9 (RLIN) 27322
650 14 - PUNTO DE ACCESO ADICIONAL DE MATERIA--TÉRMINO DE MATERIA
Término de materia o nombre geográfico como elemento de entrada Arte Kwakiutl
9 (RLIN) 27323
700 1# - PUNTO DE ACCESO ADICIONAL--NOMBRE DE PERSONA
Nombre de persona Jonaitis, Aldona
Fecha de publicación/de la obra 1948-
Término indicativo de función/relación ed.
9 (RLIN) 27324
700 1# - PUNTO DE ACCESO ADICIONAL--NOMBRE DE PERSONA
Nombre de persona Cole, Douglas
Fecha de publicación/de la obra 1938-
Término indicativo de función/relación ed.
9 (RLIN) 27325
710 2# - PUNTO DE ACCESO ADICIONAL--NOMBRE DE ENTIDAD CORPORATIVA
Nombre de entidad corporativa o nombre de jurisdicción como elemento de entrada American Museum of Natural History
9 (RLIN) 27326
902 ## - CATALOGADOR
Iniciales GRL
942 ## - ELEMENTOS DE PUNTO DE ACCESO ADICIONAL (KOHA)
Fuente del sistema de clasificación o colocación Library of Congress Classification
Tipo de ítem Koha Libros
Holdings
Estado de retiro Estado de pérdida Estado dañado No para préstamo Localización permanente Ubicación/localización actual Fecha de adquisición Número de inventario Total de préstamos Signatura topográfica completa Código de barras Fecha visto por última vez Precio válido a partir de Tipo de ítem Koha
El ejemplar forma parte de la colección y puede ser consultado según las políticas vigentes.       Biblioteca Centro de Estudios Ruth D. Lechuga Biblioteca Centro de Estudios Ruth D. Lechuga 18/03/2014 Au1807   E99.K9 .C45 1991 (Au1807) GRL01733 22/03/2019 22/03/2019 Libros